Feminist activism at war (Record no. 998336)

MARC details
000 -LEADER
fixed length control field 00894nam a2200289Ia 4500
003 - CONTROL NUMBER IDENTIFIER
control field OSt
005 - DATE AND TIME OF LATEST TRANSACTION
control field 20221005092110.0
008 - FIXED-LENGTH DATA ELEMENTS--GENERAL INFORMATION
fixed length control field 221004b |||||||| |||| 00| 0 eng d
020 ## - INTERNATIONAL STANDARD BOOK NUMBER
International Standard Book Number 9781138697683
037 ## - SOURCE OF ACQUISITION
Terms of availability Textual
040 ## - CATALOGING SOURCE
Original cataloging agency CRL
Transcribing agency CRL
Language of cataloging eng
041 ## - LANGUAGE CODE
Source of code eng
Language code of text/sound track or separate title eng
100 ## - MAIN ENTRY--PERSONAL NAME
Personal name Kajevska Ana Miskovska Au.
9 (RLIN) 616890
245 #0 - TITLE STATEMENT
Title Feminist activism at war
Remainder of title Belgrade and Zagreb feminist in the 1990s
260 ## - PUBLICATION, DISTRIBUTION, ETC.
Place of publication, distribution, etc. New York
Name of publisher, distributor, etc. Routledge
Date of publication, distribution, etc. 2017
300 ## - PHYSICAL DESCRIPTION
Extent x,186p.
Dimensions cm.
490 ## - SERIES STATEMENT
Series statement Gender and comparative politics
650 ## - SUBJECT ADDED ENTRY--TOPICAL TERM
Topical term or geographic name entry element SOCIOLOGY
650 ## - SUBJECT ADDED ENTRY--TOPICAL TERM
Topical term or geographic name entry element WOMEN
650 ## - SUBJECT ADDED ENTRY--TOPICAL TERM
Topical term or geographic name entry element FEMINISM
942 ## - ADDED ENTRY ELEMENTS (KOHA)
Classification part Y15z7, Q7
Koha item type Textual
Source of classification or shelving scheme
Holdings
Withdrawn status Lost status Damaged status Not for loan Home library Current library Date acquired Source of acquisition Total Checkouts Full call number Barcode Date last seen Price effective from Koha item type
        Central Library Central Library 2022-10-05 1398, 08/09/2017, Bright Book Service   Y15z7 Q7 CL1452838 2022-10-05 2022-10-05 Textual
Copyright @ Delhi University Library System